Catalog

Record Details

Catalog Search



Available copies

  • 1 of 1 copy available at LARL/NWRL Consortium.
  • 1 of 1 copy available at Lake Agassiz Regional Library. (Show preferred library)

Current holds

0 current holds with 1 total copy.

Show All Copies
Location Call Number / Copy Notes Barcode Shelving Location Status Due Date
Moorhead Public Library Y HOD (Text) 33500013494067 Main Available -

Record details

  • ISBN: 9781442421776
  • ISBN: 9781442421769
  • ISBN: 1442421762
  • ISBN: 9781442421783 (ebk.)
  • ISBN: 1442421789 (ebk.)
  • Physical Description: 456 p. ; 22 cm.
  • Edition: 1st ed.
  • Publisher: New York : Simon & Schuster BFYR, c2011.

Content descriptions

Summary, etc.:
Seventeen-year-old Mara cannot remember the ... Read More
Target Audience Note:
Ages 14 up.
Subject: Supernatural > Fiction.
Murder > Fiction.
High schools > Fiction.
Schools > Fiction.
Post-traumatic stress disorder > Fiction.
Family life > Florida > Fiction.
Florida > Fiction.
Paranormal fiction.
Murder > Juvenile fiction.
High schools > Juvenile fiction.
Schools > Juvenile fiction.
Post-traumatic stress disorder > Juvenile fiction.
Families > Florida > Juvenile fiction.
Florida > Juvenile fiction.
Supernatural > Fiction.
Homicide > Fiction.
High schools > Fiction.
Post-traumatic stress disorder > Fiction.
Family life > Florida > Fiction.
Florida > Fiction.
LDR 02399cam a2200613 a 4500
001138079
003LARL_NWRL_CONSORTIUM
00520211026193712.0
008110114s2011 nyu d 000 1 eng
010 . ‡a2010050862
020 . ‡a9781442421776
020 . ‡a9781442421769
020 . ‡a1442421762
020 . ‡a9781442421783 (ebk.)
020 . ‡a1442421789 (ebk.)
035 . ‡a(OCoLC)693810554
040 . ‡aDLC ‡beng ‡cDLC ‡dIG# ‡dBTCTA ‡dUPZ ‡dON8 ‡dVP@ ‡dYDXCP
042 . ‡alcac ‡apcc
043 . ‡an-us-fl
08200. ‡a[Fic] ‡222
1001 . ‡aHodkin, Michelle. ‡0(LARL_NWRL_CONSORTIUM)221517
24514. ‡aThe unbecoming of Mara Dyer / ‡cMichelle Hodkin.
250 . ‡a1st ed.
260 . ‡aNew York : ‡bSimon & Schuster BFYR, ‡cc2011.
300 . ‡a456 p. ; ‡c22 cm.
4900 . ‡aMara Dyer trilogy ; ‡v1
5211 . ‡aAges 14 up.
520 . ‡aSeventeen-year-old Mara cannot remember the accident that took the lives of three of her friends but, after moving from Rhode Island to Florida, finding love with Noah, and more deaths, she realizes uncovering something buried in her memory might save her family and her future.
650 1. ‡aSupernatural ‡vFiction. ‡0(LARL_NWRL_CONSORTIUM)167353
650 1. ‡aMurder ‡vFiction. ‡0(LARL_NWRL_CONSORTIUM)165989
650 1. ‡aHigh schools ‡vFiction. ‡0(LARL_NWRL_CONSORTIUM)169592
650 1. ‡aSchools ‡vFiction. ‡0(LARL_NWRL_CONSORTIUM)167222
650 1. ‡aPost-traumatic stress disorder ‡vFiction. ‡0(LARL_NWRL_CONSORTIUM)174388
650 1. ‡aFamily life ‡zFlorida ‡vFiction.
651 1. ‡aFlorida ‡vFiction. ‡0(LARL_NWRL_CONSORTIUM)164960
650 0. ‡aParanormal fiction.
650 0. ‡aMurder ‡vJuvenile fiction. ‡0(LARL_NWRL_CONSORTIUM)173484
650 0. ‡aHigh schools ‡vJuvenile fiction. ‡0(LARL_NWRL_CONSORTIUM)165600
650 0. ‡aSchools ‡vJuvenile fiction. ‡0(LARL_NWRL_CONSORTIUM)167227
650 0. ‡aPost-traumatic stress disorder ‡vJuvenile fiction.
650 0. ‡aFamilies ‡zFlorida ‡vJuvenile fiction.
651 0. ‡aFlorida ‡vJuvenile fiction.
650 7. ‡aSupernatural ‡vFiction. ‡2sears ‡0(LARL_NWRL_CONSORTIUM)167353
650 7. ‡aHomicide ‡vFiction. ‡2sears
650 7. ‡aHigh schools ‡vFiction. ‡2sears ‡0(LARL_NWRL_CONSORTIUM)169592
650 7. ‡aPost-traumatic stress disorder ‡vFiction. ‡2sears ‡0(LARL_NWRL_CONSORTIUM)174388
650 7. ‡aFamily life ‡zFlorida ‡vFiction. ‡2sears
651 7. ‡aFlorida ‡vFiction. ‡2sears ‡0(LARL_NWRL_CONSORTIUM)164960
901 . ‡a138079 ‡bOCLC ‡c138079 ‡tbiblio

Additional Resources